| 000 | 00515nam a2200193 a 4500 | ||
|---|---|---|---|
| 001 | 14024 | ||
| 003 | CO-ViMGA | ||
| 008 | 141112s2004 ck r 000 u spa d | ||
| 020 | _a8479021950 | ||
| 040 |
_aCO-ViMGA _bspa _cCO-ViMGA |
||
| 082 | 0 | 4 | _a617.1027 M422 |
| 100 | 1 |
_aMicheli, Lyle J; Jenkins, Mark _920487 |
|
| 245 | 1 | 0 | _aLa Nueva medicina deportiva |
| 260 |
_aMadrid : _bTutor, _c1998 |
||
| 300 | _a349 | ||
| 590 | _aForma de adquisición : Compra | ||
| 650 | 1 | 4 |
_aMEDICINA DEPORTIVA _93224 |
| 942 |
_2ddc _cBK |
||
| 999 |
_c24725 _d24725 |
||